[Event "Tourn. n7922"]
[Site "www.chess-mail.com"]
[Date "2014.12.27"]
[Round "1"]
[White "Cardiff"]
[Black "Oxycontin"]
[WhiteElo "2040"]
[BlackElo "2030"]
[Result "1/2-1/2"]
[Round "1"]
1.d4 Ng8f6
2.c4 e6
3.Nb1c3 Bf8b4
4.Bc1d2 c5
5.e3 d5
6.cxd5 exd5
7.dxc5 Bb4xc5
8.Bf1b5 Nb8c6
9.Ng1e2 O-O
10.O-O Bc8g4
11.h3 Bg4h5
12.Bb5xc6 bxc6
13.Qd1c2 Bh5g6
14.Qc2a4 Qd8b6
15.b3 Bg6d3
16.Rf1e1 Nf6e4
{ draw }
1/2-1/2

[Event "Tourn. n7888"]
[Site "www.chess-mail.com"]
[Date "2014.12.27"]
[Round "1"]
[White "Picifarkinca"]
[Black "Susov"]
[WhiteElo "1890"]
[BlackElo "1780"]
[Result "1-0"]
[Round "1"]
1.Ng1f3 Nb8c6
2.e4 e5
3.Bf1b5 d6
4.h3 Ng8f6
5.d3 Bc8d7
6.c3 h6
7.O-O a6
8.Bb5a4 Nc6e7
9.Ba4b3 Ne7g6
10.Kh2 Qd8c8
11.Nf3g1 Ng6h4
12.f4 exf4
13.Bc1xf4 Bf8e7
14.Nb1d2 g5
15.Bf4g3 Nh4g6
16.Qd1e2 h5
17.e5 dxe5
18.Bg3xe5 g4
19.Be5xf6 Rh8g8
20.Ra1e1 Bd7e6
21.Bb3xe6 fxe6
22.Bf6xe7 Kxe7
23.Nd2e4 c6
24.Rf1f7 Kd8
25.Ne4d6 Qc8c7
26.Rf7xc7 { resign }
1-0

[Event "Tourn. n7906"]
[Site "www.chess-mail.com"]
[Date "2014.12.27"]
[Round "1"]
[White "Mitja"]
[Black "Apdash"]
[WhiteElo "2000"]
[BlackElo "2130"]
[Result "1/2-1/2"]
[Round "1"]
1.d4 d5
2.e3 Ng8f6
3.h3 Nb8d7
4.c3 c5
5.dxc5 Nd7xc5
6.Ng1f3 e6
7.Bf1b5 Bc8d7
8.Bb5xd7 Nc5xd7
9.Nb1d2 Bf8d6
10.Nd2b3 a5
11.O-O e5
12.Rf1e1 O-O
13.a3 Rf8e8
14.Ra1b1 Nd7c5
15.Nb3xc5 Bd6xc5
16.b4 axb4
17.cxb4 Bc5b6
18.Bc1b2 d4
19.exd4 exd4
20.Re1xe8 Nf6xe8
21.Nf3xd4 Bb6xd4
22.Bb2xd4 Ra8xa3
23.b5 h6
24.b6 Qd8g5
25.Bd4e3 Qg5e7
26.Qd1c1 Ra3a8
27.Rb1a1 Ra8d8
28.Be3f4 Kh7
29.Ra1a7 Rd8d7
30.Qc1c8 g5
31.Bf4g3 h5
32.Qc8c2 Kh6
33.f3 h4
34.Bg3f2 Ne8d6
35.Ra7a8 Qe7f6
36.Qc2c1 Nd6b5
37.Bf2xh4 Nb5c3
38.Kh2 Nc3e2
39.Qc1e1 gxh4
40.Qe1xe2 Qf6f4
41.Kh1 Qf4c1
42.Kh2 Qc1f4
43.Kh1 Qf4c1
44.Kh2 Qc1f4
45.Kg1 Qf4c1
46.Kh2 Qc1f4
47.Kg1 Qf4c1
48.Kh2 { draw }
1/2-1/2

[Event "Tourn. n7931"]
[Site "www.chess-mail.com"]
[Date "2014.12.27"]
[Round "1"]
[White "Louis"]
[Black "Abuelo"]
[WhiteElo "1860"]
[BlackElo "2070"]
[Result "0-1"]
[Round "1"]
1.d4 d5
2.c4 dxc4
3.e4 b5
4.a4 c6
5.Nb1c3 a6
6.axb5 Bc8b7
7.bxc6 Nb8xc6
8.Ng1f3 e6
{ resign }
0-1

[Event "Tourn. n7878"]
[Site "www.chess-mail.com"]
[Date "2014.12.27"]
[Round "1"]
[White "Julian"]
[Black "Cardiff"]
[WhiteElo "2040"]
[BlackElo "1990"]
[Result "0-1"]
[Round "1"]
1.e4 e5
2.Ng1f3 Ng8f6
3.d3 Nb8c6
4.g3 Bf8c5
5.Bc1e3 Bc5xe3
6.fxe3 d5
7.exd5 Nf6xd5
8.Qd1d2 O-O
9.Nb1c3 Nd5xc3
10.Qd2xc3 Qd8e7
11.O-O-O Bc8g4
12.Bf1g2 a5
13.h3 Nc6b4
14.Kb1 Bg4xf3
15.Bg2xf3 c6
16.a3 Nb4d5
17.Bf3xd5 cxd5
18.Rh1f1 Qe7d6
19.Rf1f5 f6
20.Rd1f1 Rf8c8
21.Qc3b3 a4
22.Qb3a2 Kh8
23.Rf1f2 Qd6c6
24.g4 h6
25.h4 b5
26.c4 dxc4
27.dxc4 bxc4
28.g5 c3
29.Rf2c2 Qc6h1
30.Rc2c1 c2
{ resign }
0-1

[Event "Tourn. n7907"]
[Site "www.chess-mail.com"]
[Date "2014.12.27"]
[Round "1"]
[White "Louis"]
[Black "Vasylpuzanov"]
[WhiteElo "1890"]
[BlackElo "1800"]
[Result "0-1"]
[Round "1"]
1.d4 d5
2.c4 e6
3.Ng1f3 Ng8f6
4.Bc1g5 Bf8b4
5.Nb1c3 O-O
6.e3 c5
7.cxd5 exd5
8.Bf1e2 Nb8c6
9.dxc5 h6
10.Bg5h4 Bb4xc5
11.O-O Bc8e6
12.Qd1d3 Ra8c8
13.a3 Bc5e7
14.Rf1d1 Qd8d7
{ resign }
0-1

[Event "Match"]
[Site "www.echecsemail.com"]
[Date "2014.12.27"]
[Round "1"]
[White "Zazi"]
[Black "Azulmarino"]
[WhiteElo "1510"]
[BlackElo "1570"]
[Result "1-0"]
[Round "1"]
1.d4 d5
2.Nb1c3 Bc8f5
3.g3 e6
4.Bf1g2 Nb8c6
5.Ng1f3 a6
6.e3 Nc6b4
7.O-O h6
8.Nf3e5 Bf5xc2
9.Qd1f3 Ng8f6
10.a3 Bc2f5
11.axb4 Bf8d6
12.b5 axb5
13.Ra1xa8 Qd8xa8
14.Nc3xb5 Bf5e4
15.Qf3f4 Be4xg2
16.Kxg2 Bd6xe5
17.Qf4xe5 O-O
18.Nb5xc7 Qa8a5
19.h4 Nf6g4
20.Qe5f4 h5
21.Qf4g5 Qa5xc7
22.Qg5xh5 f5
23.b3 Rf8f6
24.Qh5e8 Kh7
25.Bc1a3 f4
26.Ba3e7 f3
27.Kh3 Rf6g6
28.Be7g5 Ng4f6
29.Qe8xe6 Qc7c2
30.g4 Nf6e4
31.Qe6xd5 Ne4xf2
32.Kg3 Nf2h1
33.Kxf3 Qc2c6
34.Qd5xc6 bxc6
35.Rf1xh1 Rg6e6
36.h5 Re6e8
37.Rh1c1 Re8b8
38.Rc1xc6 Rb8xb3
39.Rc6c7 Kg8
40.Kf4 Rb3b5
41.h6 gxh6
42.Bg5xh6 { resign }
1-0

[Event "Match"]
[Site "www.echecsemail.com"]
[Date "2014.12.27"]
[Round "1"]
[White "Rindrandria"]
[Black "Ranjachess"]
[WhiteElo "1500"]
[BlackElo "1440"]
[Result "0-1"]
[Round "1"]
1.Ng1h3 g6
2.g4 d5
3.f3 e5
4.d3 Bf8h6
5.Bf1g2 e4
6.fxe4 Bc8xg4
7.Nh3f2 d4
8.Nf2xg4 Qd8h4
9.Ng4f2 Bh6e3
10.O-O Ng8f6
11.h3 g5
12.e5 g4
13.c4 g3
14.Bc1xe3 dxe3
15.Nf2h1 Nf6h5
16.Qd1b3 Nb8d7
17.Qb3b5 Nh5f4
18.Qb5xb7 O-O
19.Nb1c3 Nf4xh3
20.Bg2xh3 Qh4xh3
21.Rf1f3 Qh3h2
22.Kf1 Qh2xh1

0-1

[Event "Match"]
[Site "www.echecsemail.com"]
[Date "2014.12.27"]
[Round "1"]
[White "Hansen"]
[Black "Wagner"]
[WhiteElo "1460"]
[BlackElo "1650"]
[Result "0-1"]
[Round "1"]
1.d4 d5
2.h3 f5
3.Ng1f3 Nb8c6
4.Nb1c3 e6
5.Bc1g5 Qd8d6
6.e3 h6
7.Bg5f4 Qd6d8
8.Bf1b5 a6
9.Bb5a4 b5
10.Ba4xb5 axb5
11.Nc3xb5 Bf8d6
12.Bf4xd6 cxd6
13.Nb5xd6 Qd8xd6
14.O-O Ng8f6
15.Qd1d3 Bc8a6
16.c4 g5
17.b3 g4
18.Nf3h4 gxh3
19.gxh3 Nc6b4
20.Qd3c3 Nf6e4
21.Qc3b2 Qd6d8
22.Nh4f3 Rh8g8
23.Kh2 Qd8c7
24.Nf3e5 Nb4d3
25.Qb2a3 Ba6b7
26.Qa3c1 Nd3xc1
27.Ra1xc1 Ne4d2
28.Rf1d1 Nd2f3
29.Kh1 Ra8xa2
30.cxd5 Ra2xf2
31.Rc1xc7 Rf2h2
{ resign }
0-1

[Event "Match"]
[Site "www.echecsemail.com"]
[Date "2014.12.27"]
[Round "1"]
[White "Spankstella"]
[Black "Oxycontin"]
[WhiteElo "2240"]
[BlackElo "2040"]
[Result "1/2-1/2"]
[Round "1"]
1.d4 Ng8f6
2.Nb1c3 d5
3.e4 dxe4
4.f3 exf3
5.Ng1xf3 g6
6.Bf1c4 Bf8g7
7.O-O O-O
8.Bc1g5 Bc8g4
9.Qd1d2 Nb8c6
10.d5 Bg4xf3
11.Rf1xf3 Nc6e5
12.Rf3f4 Ne5xc4
13.Rf4xc4 c6
14.Ra1d1 cxd5
15.Nc3xd5 Qd8xd5
16.Qd2xd5 Nf6xd5
17.Rd1xd5 Rf8d8
18.Rd5xd8 Ra8xd8
19.Bg5xe7 Rd8e8
{ draw }
1/2-1/2

[Event "Match"]
[Site "www.echecsemail.com"]
[Date "2014.12.27"]
[Round "1"]
[White "Juodivarnai"]
[Black "Calponas"]
[WhiteElo "2110"]
[BlackElo "2070"]
[Result "1-0"]
[Round "1"]
1.e4 c5
2.Ng1f3 d6
3.d4 cxd4
4.Nf3xd4 Ng8f6
5.Nb1c3 a6
6.Bc1e3 e5
7.Nd4b3 Qd8c7
8.f3 Bf8e7
9.Qd1d2 Bc8e6
10.O-O-O O-O
11.g4 b5
12.h4 b4
13.Nc3d5 Nf6xd5
14.exd5 Be6d7
15.g5 f5
16.gxf6 Be7xf6
17.Bf1d3 a5
18.Kb1 a4
19.Nb3c1 b3
20.cxb3 axb3
21.Nc1xb3 Nb8a6
22.Qd2c2 Qc7xc2
23.Bd3xc2 Na6b4
24.Nb3c1 Rf8c8
25.Bc2e4 Bd7b5
26.Be3g5 Bb5c4
27.a3 Nb4a6
28.Rh1g1 Bf6xg5
29.Rg1xg5 Na6c5
30.Rd1g1 Rc8c7
31.h5 Nc5xe4
32.fxe4 Ra8b8
33.Rg5g2 Rb8f8
34.b3 Bc4b5
35.Kb2 Rf8f4
36.Rg1e1 Rc7b7
37.b4 Rb7c7
38.Rg2c2 Rc7xc2
39.Kxc2 Rf4f2
40.Kb3 Rf2f3
41.Kb2 g5
42.hxg6 hxg6
43.Nc1a2 Rf3f4
44.Na2c3 Bb5c4
45.b5 Rf4f2
46.Kb1 Bc4d3
47.Ka1 Rf2c2
48.Re1e3 Rc2xc3
49.Kb2 Rc3c2
50.Kb3 Bd3xe4
51.Re3xe4 Rc2c5
52.b6 Rc5b5
53.Re4b4 Rb5xb6
54.Rb4xb6 { resign }
1-0

[Event "Match"]
[Site "www.echecsemail.com"]
[Date "2014.12.27"]
[Round "1"]
[White "Apdash"]
[Black "Calponas"]
[WhiteElo "2130"]
[BlackElo "2070"]
[Result "0-1"]
[Round "1"]
1.d4 Ng8f6
2.c3 b6
3.Qd1c2 Bc8b7
4.Nb1d2 d5
5.Ng1f3 e6
6.g3 Nb8d7
7.Bf1g2 c5
8.b3 Ra8c8
9.O-O Bf8d6
10.Bc1a3 Qd8e7
11.Rf1e1 O-O
12.dxc5 Nd7xc5
13.Nf3d4 Rf8d8
14.Nd4b5 Bd6b8
15.c4 dxc4
16.Nd2xc4 Bb7xg2
17.Kxg2 Qe7d7
18.Ba3b2 Qd7xb5
19.Bb2xf6 gxf6
20.Ra1d1 Qb5e8
21.Qc2b2 Rd8xd1
22.Re1xd1 e5
23.Qb2c2 Rc8d8
24.Rd1c1 Qe8e6
25.f3 f5
26.b4 Nc5b7
27.Nc4e3 Nb7d6
28.Rc1d1 Rd8c8
29.Qc2d3 e4
30.fxe4 Nd6xe4
31.Ne3c2 Qe6c6
32.Nc2d4 Qc6d5
33.Nd4f3 Qd5xd3
34.exd3 Ne4f6
35.Rd1d2 f4
36.d4 fxg3
37.hxg3 Nf6e4
38.Kh3 Ne4xd2
39.Nf3xd2 Rc8c2
{ resign }
0-1

[Event "Match"]
[Site "www.echecsemail.com"]
[Date "2014.12.27"]
[Round "1"]
[White "Fred"]
[Black "Generalfree"]
[WhiteElo "1910"]
[BlackElo "1800"]
[Result "1-0"]
[Round "1"]
1.e4 e5
2.f4 exf4
3.Ng1f3 g5
4.Bf1c4 d6
5.h3 Bf8g7
6.d4 a6
7.c3 b5
8.Bc4b3 Bc8b7
9.O-O Bb7xe4
10.Qd1e2 d5
11.Nb1d2 f5
12.Nd2xe4 fxe4
13.Nf3xg5 Qd8xg5
14.Bc1xf4 Qg5d8
15.Qe2h5 Ke7
16.Bb3xd5 Kd7
17.Qh5f5 { resign }
1-0

[Event "Match"]
[Site "www.echecsemail.com"]
[Date "2014.12.27"]
[Round "1"]
[White "Faerieking"]
[Black "Hundegana"]
[WhiteElo "1499"]
[BlackElo "1930"]
[Result "1-0"]
[Round "1"]
1.e4 c5
2.Ng1f3 a6
3.d4 d6
4.Nb1c3 e6
5.dxc5 dxc5
6.Qd1xd8 Kxd8
7.Bc1g5 f6
8.O-O-O Bc8d7
9.Bg5e3 b6
10.Bf1e2 Ng8e7
11.Rd1d2 Ra8a7
12.Rh1d1 g6
13.Nc3a4 Ra7b7
14.e5 f5
15.c4 Kc8
16.Na4c3 Ne7c6
17.Be3g5 h6
18.Bg5f6 Rh8h7
19.Nf3h4 Bd7e8
20.Rd2d8 Nc6xd8
21.Rd1xd8 Kc7
22.Rd8xe8 Nb8d7
23.Bf6d8 { resign }
1-0

[Event "Match"]
[Site "www.echecsemail.com"]
[Date "2014.12.27"]
[Round "1"]
[White "Faerieking"]
[Black "Chapi"]
[WhiteElo "1499"]
[BlackElo "1980"]
[Result "1-0"]
[Round "1"]
1.e4 c5
2.Ng1f3 Nb8c6
3.d4 cxd4
4.Nf3xd4 g6
5.Nb1c3 Bf8g7
6.Bc1e3 Ng8f6
7.Nd4xc6 bxc6
8.e5 Nf6h5
9.g4 Bg7xe5
10.gxh5 Ra8b8
11.Be3d4 Qd8c7
12.Bf1c4 d5
13.Bc4b3 Rb8b4
14.Bd4xe5 Qc7xe5
15.Qd1e2 Qe5xe2
16.Nc3xe2 Rb4e4
17.Kd2 Bc8g4
18.Ra1e1 Re4e6
19.Ne2d4 Re6f6
20.hxg6 hxg6
21.Bb3a4 Bg4d7
22.Kc1 c5
23.Ba4xd7 Kxd7
24.Nd4b5 Rf6xf2
25.h4 f6
26.Nb5xa7 Rh8a8
27.Na7b5 Ra8xa2
28.Nb5c3 Ra2a6
29.Kb1 d4
30.Nc3e4 Rf2f5
31.Re1g1 c4
32.Rg1xg6 Rf5a5
33.Kc1 Ra5a1
34.Kd2 c3
35.bxc3 dxc3
36.Kd3 Ra1xh1
37.Ne4c5 Ke8
38.Nc5xa6 Rh1xh4
39.Kxc3 Kf7
40.Rg6g3 e5
41.Na6c5 f5
42.Nc5d3 e4
43.Nd3e5 Kf6
44.Ne5g6 Rh4g4
45.Rg3xg4 fxg4
46.Ng6h4 Kg5
47.Nh4g2 Kf5
48.Kd4 g3
49.c4 Kg4
50.Kxe4 Kh3
51.Kf3 { resign }
1-0

[Event "Match"]
[Site "www.echecsemail.com"]
[Date "2014.12.27"]
[Round "1"]
[White "Caspito"]
[Black "Generalfree"]
[WhiteElo "1880"]
[BlackElo "1760"]
[Result "0-1"]
[Round "1"]
1.e4 e5
2.Ng1f3 Nb8c6
3.Bf1c4 Ng8f6
4.Nf3g5 d5
5.exd5 Nc6a5
6.c3 Na5xc4
7.Qd1a4 Nf6d7
8.Ng5xf7 Kxf7
9.Qa4xc4 Nd7b6
10.Qc4e2 Qd8xd5
11.O-O Bf8e7
12.d4 exd4
13.cxd4 Qd5xd4
14.Qe2h5 g6
15.Qh5f3 Kg7
16.Nb1c3 Rh8f8
17.Bc1e3 Qd4b4
18.Qf3e2 Nb6c4
19.Be3d4 Be7f6
20.Bd4xf6 Rf8xf6
21.Nc3d5 Qb4xb2
22.Qe2xc4 Rf6c6
23.Qc4h4 Bc8e6
24.Qh4e7 Kh8
25.Nd5f6 Be6g8
26.Nf6xg8 Ra8xg8
27.h4 Qb2f6
28.Qe7xf6 Rc6xf6
29.f4 Rg8f8
30.g3 c5
31.Rf1e1 b5
32.Re1e7 Rf6f7
33.Ra1e1 Kg8
34.Re7e5 Rf7f5
35.Re1c1 c4
36.a3 Rf5xe5
37.fxe5 Rf8f3
38.Kg2 Rf3xa3
39.Kf2 c3
40.Ke3 b4
41.Rc1c2 Kf7
42.Kd3 Ke6
43.Kc4 a5
44.Kd4 Ra3b3
45.h5 Rb3b2
46.Rc2c1 a4
47.hxg6 hxg6
48.Rc1a1 a3
{ resign }
0-1

[Event "Match"]
[Site "www.echecsemail.com"]
[Date "2014.12.27"]
[Round "1"]
[White "Harrytheking"]
[Black "Faerieking"]
[WhiteElo "1750"]
[BlackElo "1499"]
[Result "0-1"]
[Round "1"]
1.c4 Ng8f6
2.e3 c5
3.Nb1c3 b6
4.Bf1e2 Bc8b7
5.Ng1f3 g6
6.h3 Bf8g7
7.b3 d6
8.Bc1b2 O-O
9.O-O Nb8d7
10.d4 cxd4
11.Nf3xd4 a6
12.Be2f3 Qd8c7
13.Bf3xb7 Qc7xb7
14.a4 Rf8d8
15.b4 e5
16.Nd4b3 Nd7f8
17.c5 dxc5
18.b5 Rd8xd1
19.Rf1xd1 e4
20.Nb3d2 axb5
21.Nc3xb5 Ra8d8
22.Ra1b1 Qb7c6
23.Nd2c4 Rd8xd1
24.Rb1xd1 Nf6d5
25.Bb2xg7 Kxg7
26.Nc4e5 Qc6e6
27.Ne5g4 f5
28.Ng4h2 Nf8d7
29.Nh2f1 Nd7e5
30.Nf1g3 Ne5d3
31.Rd1b1 Nd5b4
32.Nb5c7 Qe6a2
{ resign }
0-1

[Event "Match"]
[Site "www.echecsemail.com"]
[Date "2014.12.27"]
[Round "1"]
[White "Calponas"]
[Black "Stevep84"]
[WhiteElo "2070"]
[BlackElo "2180"]
[Result "1-0"]
[Round "1"]
1.e4 c6
2.c4 d5
3.cxd5 cxd5
4.exd5 Qd8xd5
5.Nb1c3 Qd5a5
6.Bf1c4 Ng8f6
7.Qd1b3 e6
8.Ng1f3 Bf8d6
9.O-O O-O
10.d4 b6
11.Bc1g5 Nf6e8
12.Rf1e1 Bc8b7
13.Re1e3 Bb7xf3
14.Re3xf3 Qa5xg5
15.Bc4xe6 Qg5h5
16.Rf3h3 Qh5g6
17.Be6d5 Ne8c7
18.Bd5e4 Qg6f6
19.Be4xh7 Kh8
20.Bh7g6 Kg8
21.Bg6h7 Kh8
22.Nc3e4 Qf6e7
23.Bh7g6 Kg8
24.Rh3h8 Kxh8
25.Qb3h3 { resign }
1-0

[Event "Match"]
[Site "www.echecsemail.com"]
[Date "2014.12.27"]
[Round "1"]
[White "Pare123"]
[Black "Muller42"]
[WhiteElo "2010"]
[BlackElo "1809"]
[Result "0-1"]
[Round "1"]
1.c4 e5
2.Nb1c3 d6
3.Ng1f3 f5
4.d3 c6
5.e3 Ng8f6
6.h3 Bf8e7
7.Bf1e2 O-O
8.O-O Nb8a6
9.a3 Na6c5
10.b4 Nc5e6
11.Bc1b2 f4
12.e4 Qd8e8
13.Nf3h2 Qe8g6
14.Nh2g4 Nf6xg4
15.Be2xg4 Ne6g5
16.Bg4h5 Ng5xh3
17.Kh2 Qg6e6
18.f3 Nh3g5
19.b5 Qe6h6
{ resign }
0-1

[Event "Match"]
[Site "www.echecsemail.com"]
[Date "2014.12.27"]
[Round "1"]
[White "Mitja"]
[Black "Bojan"]
[WhiteElo "1920"]
[BlackElo "1920"]
[Result "0-1"]
[Round "1"]
1.d4 d5
2.e3 a6
3.c3 Nb8c6
4.h3 Ng8f6
5.Ng1f3 h6
6.Bf1e2 Qd8d6
7.Nb1d2 Bc8f5
8.Nf3h4 Bf5h7
9.Nh4f3 O-O-O
10.Nd2b3 Nf6d7
11.Bc1d2 e5
12.dxe5 Nc6xe5
13.Nf3xe5 Qd6xe5
14.Be2f3 Bf8d6
15.Nb3d4 Nd7c5
16.b4 Nc5d3
17.Kf1 Nd3b2
18.Qd1c1 Nb2c4
19.a4 c5
20.bxc5 Bd6xc5
21.Bf3e2 Nc4xd2
22.Qc1xd2 Rd8d7
23.Nd4f3 Qe5f6
24.Nf3d4 Kd8
25.Be2d3 Bh7g6
26.Bd3xg6 Qf6xg6
27.g3 Rh8e8
28.Kg2 Qg6e4
29.Kh2 Re8e7
30.Ra1b1 h5
31.h4 Bc5d6
32.Qd2e2 g6
33.Qe2f3 Qe4xh4
34.Kg2 Qh4g5
35.Rb1c1 Bd6a3
36.Rc1b1 Rd7c7
37.Rb1b3 Ba3d6
38.Rh1b1 Kc8
39.a5 h4
40.Kf1 hxg3
41.fxg3 Re7xe3
{ resign }
0-1

[Event "Match"]
[Site "www.echecsemail.com"]
[Date "2014.12.27"]
[Round "1"]
[White "Paco"]
[Black "Vasylpuzanov"]
[WhiteElo "1990"]
[BlackElo "1860"]
[Result "0-1"]
[Round "1"]
1.e4 e5
2.Ng1f3 Nb8c6
3.Bf1c4 Ng8f6
4.Nf3g5 d5
5.exd5 Nc6a5
6.c3 Na5xc4
7.Qd1a4 Nf6d7
8.Ng5xf7 Kxf7
9.Qa4xc4 Nd7b6
10.Qc4b3 Qd8xd5
11.Qb3xd5 Nb6xd5
12.c4 Nd5b4
13.Nb1a3 Nb4d3
14.Ke2 Bc8f5
15.Na3b5 Ra8d8
16.Nb5xc7 Bf8c5
17.h3 Nd3xf2
18.Rh1f1 Bf5d3
19.Kf3 Bd3xf1
20.a3 Rd8d3

0-1

[Event "Match"]
[Site "www.echecsemail.com"]
[Date "2014.12.27"]
[Round "1"]
[White "Oxycontin"]
[Black "Orkman"]
[WhiteElo "1990"]
[BlackElo "2160"]
[Result "1/2-1/2"]
[Round "1"]
1.Ng1f3 Ng8f6
2.g3 d5
3.d4 c6
4.Bf1g2 Bc8g4
5.O-O Nb8d7
6.Nb1d2 e6
7.Rf1e1 Ra8c8
8.e4 dxe4
9.Nd2xe4 Bf8e7
10.c3 O-O
11.Qd1c2 Nf6xe4
12.Qc2xe4 Nd7f6
13.Qe4c2 Nf6d5
14.Nf3e5 Bg4f5
15.Bg2e4 Bf5xe4
16.Qc2xe4 c5
17.dxc5 Be7xc5
18.c4 Nd5b4
19.a3 Nb4c6
20.Ne5xc6 { draw }
1/2-1/2

[Event "Match"]
[Site "www.echecsemail.com"]
[Date "2014.12.27"]
[Round "1"]
[White "Generalfree"]
[Black "Harrytheking"]
[WhiteElo "1780"]
[BlackElo "1750"]
[Result "1-0"]
[Round "1"]
1.e4 b6
2.d4 Bc8a6
3.c4 e6
4.Bc1d2 h6
5.b4 Ng8e7
6.b5 Ba6b7
7.f3 Ne7g6
8.g3 Bf8e7
9.Nb1c3 O-O
10.Bf1g2 c6
11.a4 c5
12.d5 e5
13.h4 a6
14.Ra1b1 a5
15.h5 Ng6h8
16.f4 exf4
17.Bd2xf4 d6
18.Qd1g4 Bb7c8
19.Qg4f3 Nb8d7
20.Qf3e3 Be7f6
21.Nc3e2 Rf8e8
22.Bf4xd6 Bf6e5
23.Bd6xe5 Nd7xe5
24.Qe3c3 f5
25.Ng1f3 Ne5xf3
26.Bg2xf3 fxe4
27.Bf3g2 Bc8f5
28.Qc3c2 Nh8f7
29.O-O Bf5h7
30.Ne2f4 e3
31.Nf4g6 Nf7e5
32.d6 Ra8a7
33.Bg2d5 Ne5f7
34.Qc2f5 Bh7xg6
35.hxg6 Re8f8
36.gxf7 Kh8
37.Bd5e4 g6
38.Qf5xg6 Ra7xf7
39.Rf1xf7 Rf8xf7
40.Qg6xf7 Qd8g8
41.Qf7xg8 Kxg8
42.d7 { resign }
1-0

[Event "Match"]
[Site "www.echecsemail.com"]
[Date "2014.12.27"]
[Round "1"]
[White "Joseph1983"]
[Black "Wwgia"]
[WhiteElo "2150"]
[BlackElo "2120"]
[Result "1-0"]
[Round "1"]
1.d4 Ng8f6
2.Nb1c3 c5
3.Ng1f3 cxd4
4.Nf3xd4 Nb8c6
5.e4 g6
6.Bc1e3 Bf8g7
7.Bf1c4 O-O
8.f3 Qd8b6
9.a3 Nf6xe4
10.fxe4 Nc6xd4
11.O-O e5
12.Qd1d2 d6
13.Kh1 Bc8e6
14.Bc4d3 Ra8c8
15.b3 f5
16.exf5 gxf5
17.Nc3a4 Qb6c6
18.Be3xd4 exd4
19.Rf1f2 b5
20.Na4b2 Qc6c3
21.Qd2xc3 dxc3
22.Nb2d1 Be6xb3
23.cxb3 c2
24.Ra1c1 cxd1R
25.Rc1xd1 Rc8c3
26.Bd3xb5 Rc3xb3
27.Bb5c4 { resign }
1-0

[Event "Match"]
[Site "www.echecsemail.com"]
[Date "2014.12.27"]
[Round "1"]
[White "Calponas"]
[Black "Ivano"]
[WhiteElo "2070"]
[BlackElo "1880"]
[Result "1-0"]
[Round "1"]
1.e4 c6
2.c4 d5
3.cxd5 cxd5
4.exd5 Ng8f6
5.Nb1c3 Nf6xd5
6.d4 g6
7.Ng1f3 Bf8g7
8.Bf1c4 e6
9.O-O O-O
10.Bc1g5 Qd8d6
11.Qd1d2 a6
12.Ra1c1 b5
13.Nc3e4 Qd6d7
14.Bc4xd5 Qd7xd5
15.Rf1e1 f6
16.Rc1c5 Qd5xa2
17.Bg5h6 Nb8d7
18.Rc5c7 f5
19.Ne4c5 Bg7xh6
20.Qd2xh6 Qa2a5
21.Nc5xe6 { resign }
1-0

[Event "Match"]
[Site "www.echecsemail.com"]
[Date "2014.12.27"]
[Round "1"]
[White "Generalfree"]
[Black "Canario"]
[WhiteElo "1840"]
[BlackElo "1760"]
[Result "1-0"]
[Round "1"]
1.e4 e5
2.Ng1f3 Nb8c6
3.Bf1c4 h6
4.c3 Ng8f6
5.d3 Bf8c5
6.O-O a6
7.b4 Bc5a7
8.Qd1b3 Qd8e7
9.a4 d6
10.b5 axb5
11.axb5 Nc6a5
12.Qb3a4 Ba7b6
13.h3 O-O
14.Nb1d2 Bc8d7
15.Bc1b2 Bd7e6
16.Bc4xe6 Qe7xe6
17.c4 Nf6d7
18.d4 Bb6xd4
19.Bb2xd4 exd4
20.Nf3xd4 Qe6e5
21.Nd2f3 Qe5xe4
22.Rf1e1 Qe4d3
23.Re1c1 Na5b3
24.Qa4xb3 Qd3e4
25.Ra1xa8 Rf8xa8
26.Rc1e1 Qe4g6
27.Re1e7 Nd7c5
28.Qb3e3 Ra8c8
29.Nf3h4 Qg6f6
30.Re7e8 Rc8xe8
31.Qe3xe8 Kh7
32.Nd4f5 g5
33.Nf5xd6 cxd6
34.Nh4f3 Qf6e6
35.Qe8f8 Nc5d7
36.Qf8c8 Nd7c5
37.Qc8xe6 Nc5xe6
38.g3 b6
39.g4 Kg6
40.Kh2 Ne6f4
41.h4 Nf4d3
42.Kg3 f6
43.h5 Kf7
44.Nf3d4 Nd3e5
45.Nd4f5 Ne5xc4
46.Nf5xh6 Kg7
47.Nh6f5 Kh7
48.f4 d5
49.fxg5 fxg5
50.Kf3 Nc4a3
51.Nf5d6 d4
52.Ke4 { resign }
1-0

[Event "Match"]
[Site "www.echecsemail.com"]
[Date "2014.12.27"]
[Round "1"]
[White "Anthony61"]
[Black "Reanna"]
[WhiteElo "1679"]
[BlackElo "1690"]
[Result "0-1"]
[Round "1"]
1.e4 e5
2.Ng1f3 Nb8c6
3.Bf1b5 Ng8f6
4.Qd1e2 Bf8c5
5.c3 O-O
6.O-O Rf8e8
7.d3 a6
8.Bb5a4 b5
9.Ba4b3 d6
10.a4 Bc8b7
11.Bc1e3 Bc5xe3
12.fxe3 bxa4
13.Ra1xa4 Nf6g4
14.h3 Ng4h6
 { time }
0-1

[Event "1/64 Finale"]
[Site "www.chess-mail.com"]
[Date "2014.12.27"]
[Round "1"]
[White "Kozakliuty"]
[Black "Anja"]
[WhiteElo "1380"]
[BlackElo "1690"]
[Result "0-1"]
[Round "1"]
1.d4 Ng8f6
2.c3 e6
3.g3 c5
4.Bf1g2 Nb8c6
5.Ng1f3 d5
6.Bc1g5 Bf8e7
7.O-O O-O
8.e3 cxd4
9.exd4 Nf6e4
10.Bg5xe7 Qd8xe7
11.Nb1d2 f5
12.Qd1b3 Ra8b8
13.Ra1e1 Bc8d7
14.Nd2xe4 fxe4
15.Nf3d2 Qe7g5
16.Qb3d1 Nc6e7
17.h3 e5
18.Nd2b3 b6
19.dxe5 Qg5xe5
20.Nb3d4 Ne7f5
21.Nd4xf5 Rf8xf5
22.Re1e3 Rb8f8
23.Qd1d2 Rf5h5
24.Bg2xe4 dxe4
25.g4 Bd7xg4
{ resign }
0-1

[Event "1/64 Finale"]
[Site "www.chess-mail.com"]
[Date "2014.12.27"]
[Round "1"]
[White "Generalfree"]
[Black "Vasylpuzanov"]
[WhiteElo "2070"]
[BlackElo "1870"]
[Result "0-1"]
[Round "1"]
1.e4 e5
2.Ng1f3 Nb8c6
3.Bf1b5 a6
4.Bb5a4 Ng8f6
5.Nb1c3 b5
6.Ba4b3 Bf8b4
7.Nc3d5 Bc8b7
8.c3 Bb4e7
9.d3 O-O
10.Nd5xf6 Be7xf6
11.h4 Nc6a5
12.Bc1g5 Na5xb3
13.Qd1xb3 d5
14.Bg5xf6 Qd8xf6
15.exd5 Ra8b8
16.O-O-O Rf8d8
17.Rh1h3 Bb7xd5
18.Qb3c2 Bd5xf3
19.gxf3 Qf6e6
20.Rh3h1 Qe6xa2
21.Qc2b1 Qa2d5
22.b3 b4
23.c4 Qd5xf3
24.Qb1c2 f6
{ resign }
0-1

[Event "1/32 Finale"]
[Site "www.chess-mail.com"]
[Date "2014.12.27"]
[Round "1"]
[White "Eusegon"]
[Black "Emmanuel69"]
[WhiteElo "2210"]
[BlackElo "1910"]
[Result "0-1"]
[Round "1"]
1.d4 d5
2.Bc1f4 Ng8f6
3.e3 e6
4.Ng1f3 h6
5.Bf1d3 Bf8d6
6.Nf3e5 O-O
7.Nb1d2 Nb8d7
8.Qd1f3 Rf8e8
9.O-O a6
10.c4 dxc4
 { time }
0-1

[Event "1/64 Finale"]
[Site "www.chess-mail.com"]
[Date "2014.12.27"]
[Round "1"]
[White "Pablincho"]
[Black "Samael"]
[WhiteElo "1890"]
[BlackElo "2160"]
[Result "0-1"]
[Round "1"]
1.e4 e5
2.Ng1f3 d6
3.Bf1c4 h6
4.d4 exd4
5.Nf3xd4 Ng8f6
6.f3 Bf8e7
7.Nd4f5 O-O
8.O-O Bc8xf5
9.exf5 Nb8d7
10.Nb1c3 a6
11.a4 Nd7e5
12.Bc4a2 Qd8d7
13.g4 Rf8e8
14.Nc3d5 Nf6xd5
 { time }
0-1

[Event "1/128 Finale"]
[Site "www.chess-mail.com"]
[Date "2014.12.27"]
[Round "1"]
[White "Hennie4820"]
[Black "Korto"]
[WhiteElo "1980"]
[BlackElo "2320"]
[Result "0-1"]
[Round "1"]
1.e4 c5
2.Ng1f3 d6
3.d4 cxd4
4.Nf3xd4 Ng8f6
5.Nb1c3 e6
6.Bf1c4 Bf8e7
7.Bc4b3 O-O
8.O-O Nb8c6
9.Bc1e3 Nc6xd4
10.Be3xd4 Qd8a5
11.f4 b6
12.Rf1e1 Bc8b7
13.h3 e5
14.fxe5 dxe5
15.Bd4f2 Be7b4
16.Qd1f3 Bb4xc3
17.bxc3 Ra8c8
18.c4 Nf6d7
19.Ra1d1 Nd7c5
20.Rd1d2 Qa5xd2
21.Re1d1 Qd2g5
22.Bf2e3 Qg5e7
23.Rd1d2 Nc5xe4
{ resign }
0-1

[Event "1/128 Finale"]
[Site "www.chess-mail.com"]
[Date "2014.12.27"]
[Round "1"]
[White "Lautreamont"]
[Black "Genius9"]
[WhiteElo "1499"]
[BlackElo "1220"]
[Result "1-0"]
[Round "1"]
1.e4 d6
2.d4 Ng8f6
3.Nb1c3 g6
4.Bc1e3 Bf8g7
5.f3 O-O
6.Qd1d2 c6
7.O-O-O Qd8a5
8.Kb1 b5
9.Nc3d5 Qa5d8
10.Nd5xf6 Bg7xf6
11.h4 a6
12.h5 Bc8e6
13.g4 a5
14.d5 Be6d7
15.g5 Bf6h8
16.Qd2h2 cxd5
17.hxg6 { resign }
1-0

[Event "Eq:SIETE ESTRELLAS VERDES-CONFOEDERATIONIS HELVETICAE : "]
[Site "www.chess-mail.com"]
[Date "2014.12.27"]
[Round "1"]
[White "Caspito"]
[Black "Bigrezi"]
[WhiteElo "1870"]
[BlackElo "1900"]
[Result "1-0"]
[Round "1"]
1.e4 e5
2.Ng1f3 Nb8c6
3.Bf1c4 Ng8f6
4.Nf3g5 d5
5.exd5 Nc6a5
6.d3 Na5xc4
7.dxc4 Bf8c5
8.Qd1f3 Bc8g4
9.Qf3g3 O-O
10.O-O Rf8e8
11.Rf1e1 Qd8d6
12.Nb1c3 Bg4d7
13.a3 Re8e7
14.b4 Bc5b6
15.c5 Bb6xc5
16.bxc5 Qd6xc5
17.Bc1b2 Ra8e8
18.Ng5e4 Qc5b6
19.Ra1b1 Qb6a6
20.h3 h6
21.Bb2c1 Nf6xe4
22.Re1xe4 b6
23.Bc1xh6 f6
24.a4 Bd7f5
25.Re4h4 Re7f7
26.Rb1b4 g5
27.Bh6xg5 fxg5
28.Qg3xg5 Rf7g7
29.Qg5xf5 Re8f8
30.Qf5e6 Rg7f7
31.Rb4g4 { resign }
1-0

[Event "Eq:Latinoamerica-Slap Shot Mates : "]
[Site "www.chess-mail.com"]
[Date "2014.12.27"]
[Round "1"]
[White "Mustaphly"]
[Black "Wings"]
[WhiteElo "2650"]
[BlackElo "2560"]
[Result "1-0"]
[Round "1"]
1.d4 d5
2.Ng1f3 c5
3.e3 Ng8f6
4.c4 e6
5.Nb1c3 Nb8c6
6.a3 a6
7.dxc5 Bf8xc5
8.b4 Bc5a7
9.Bc1b2 O-O
10.Qd1c2 d4
11.exd4 Nc6xd4
12.Nf3xd4 Qd8xd4
13.Nc3b5 Qd4xf2
14.Qc2xf2 Ba7xf2
15.Kxf2 axb5
16.Bb2xf6 gxf6
17.cxb5 Rf8d8
18.Bf1e2 Bc8d7
19.Rh1d1 Kf8
20.a4 Ke7
21.a5 { resign }
1-0